000 00314nam a22001217a 4500
008 160520b xxu||||| |||| 00| 0 eng d
020 _a9780534645069
020 _a0534645062
041 _aeng
080 _a612.39
245 _aNutrition concepts and controveries:
_cFrances Sizer; Ellie Whitney;
942 _2udc
_cBK
999 _c2298
_d2298